000 00786nam a22002177a 4500
003 OSt
005 20260511084048.0
008 260511b |||||||| |||| 00| 0 eng d
020 _a9780749642518
040 _aKenya National Library Service
082 _a942.1066 CLE
100 _aClements, Gillian,
_eauthor,
_eillustrator.
245 _aThe Great Fire of London /
_cwritten and illustrated by Gillian Clements.
300 _a48 pages :
_billustrations ;
_c20 cm.
490 _a Great events.
520 _aDescribes the events of the Great Fire of London in 1666 and explains its effects on the city and its people.
650 _aGreat Fire, London, England, 1666
_vJuvenile literature.
942 _2ddc
_cBK
_n0
999 _c492634
_d492634